000 00281nam a22001337a 4500
008 170919b xxu||||| |||| 00| 0 eng d
020 _a0312022433
041 _aeng
080 _a7
100 _a44
101 _aART
245 _aTHE NEW MODERNISM
_cDERRIDA,J
942 _2udc
_cBK
999 _c28276
_d28276